Departamentos de La Pampa - Estadísticas

Estadísticas generales
  • Esta prueba ha sido intentada 21 veces
  • La puntuación promedio es 12 de 22
Estadísticas de respuestas
Hint Respuesta % Correcto
3. Capital
87%
10. Guatraché
73%
12. Lihuel Calel
73%
20. Toay
73%
6. Chapaleufú
67%
19. Realicó
67%
2. Caleu Caleu
60%
4. Catriló
60%
13. Limay Mahuida
60%
14. Loventué
60%
15. Maracó
53%
17. Quemú Quemú
53%
22. Utracán
53%
1. Atreucó
47%
9. Curacó
47%
11. Hucal
47%
16. Puelén
47%
5. Chalileo
40%
7. Chical Co
40%
8. Conhelo
40%
18. Rancul
40%
21. Trenel
40%
No se encontraron pruebas coincidentes
Distribución de puntuación
Porcentaje de gente con cada puntuación
Porcentaje por número respondido
Historial de tus puntuaciones
No has intentado esta prueba.